000 00482nam a2200217Ia 4500
003 IT-RoPAU
008 120407s9999 xx 000 0 und d
040 _aIT-RoPAU
040 _cIT-RoPAU
041 _afra
100 _aAdolphe Venturi
245 _aLéonard de Vinci et son école. 112 planches.
250 _aParis
260 _aEd. Rombaldi
260 _c1948
300 _c25 cm
490 _v1
600 _a1. Leonardo da Vinci.
942 _cBK
999 _c23554
_d23554